000 00575nam a22001697a 4500
005 20251108172142.0
008 250721s1997 xx 000 0 ara d
082 1 4 _a332.7/حمز
100 1 _aالحمزاوي، محمد كمال خليل
245 1 0 _aإقتصاديات الإئتمان المصرفي :
_bدراسة تطبيقية للنشاط الإئتماني و أهم محدادته /
264 1 _a1997 :
_bمنشأة المعارف،
_c1997.
300 _a448ص
650 1 7 _aالإئتمان
650 1 7 _aالبنوك
942 _2ddc
_cBK
999 _c71742
_d71742